|
|
|
|
| LEADER |
00990cam a2200277 7i4500 |
| 001 |
0000063668 |
| 005 |
20250119090000.0 |
| 008 |
250119t20082008miua ### #00001eng## |
| 020 |
# |
# |
|a 073772420X
|
| 020 |
# |
# |
|a 9780737724202
|
| 040 |
# |
# |
|a UMT
|b eng
|c UMT
|d Loc
|e rda
|
| 090 |
0 |
0 |
|a RA 1242 .T6
|b S6 2008
|
| 245 |
0 |
0 |
|a Smoking
|c Laura K. Egendorf, book editor.
|
| 264 |
# |
1 |
|a Detroit:
|b Greenhaven Press,
|c [2008]
|
| 264 |
# |
4 |
|c ♭2008
|
| 300 |
# |
# |
|a 134 pages:
|b chiefly colour illustrations;
|c 24 cm
|
| 336 |
# |
# |
|a text --
|2 rdacontent
|
| 337 |
# |
# |
|a unmediated --
|2 rdamedia
|
| 338 |
# |
# |
|a volume --
|2 rdacarrier
|
| 504 |
# |
# |
|a Includes bibliographical references and index
|
| 590 |
# |
# |
|a Perpustakaan Sultanah Nur Zahirah
|
| 650 |
0 |
0 |
|a Teenagers --
|x Tobacco use --
|z United States
|
| 650 |
0 |
0 |
|a Advertising --
|x Tobacco --
|z United States
|
| 650 |
0 |
0 |
|a Smoking --
|x Health aspects --
|z United States
|
| 700 |
1 |
# |
|a Egendorf, Laura K.
|
| 999 |
|
|
|a 1100059670
|b Book
|c Open Shelf
|e KOLEKSI TERBUKA
|